[Event "CB-Emu swiss"]
[Site "?"]
[Date "2017.03.20"]
[Round "1"]
[White "Super Expert B, Novag"]
[Black "Chess 2001, CXG."]
[Result "1-0"]
[WhiteElo "2130"]
[BlackElo "1650"]
[Annotator "Houdini 4 Pro w32 4core (60s)"]
[PlyCount "95"]
[EventDate "2017.??.??"]

{Der Super Expert läuft in der MESS-Emu mit 36 MHz stabil. Beim CXG ist es
kaum messbar, da hier weder eine Uhr vorhanden ist, mittels derer die Zeit im
"WARP-Mode" gemessen werden kann, noch die Anzeige der MESS-Emu stabil bleibt.
Es ist aber etwa das 10fache des Originals. Leider profitiert er davon nur
beim Pondern, da er keine frei einstellbaren Bedenkzeiten hat (damit ist er
allerdings seinem softwaremäßig sehr ählichen C-64-Kollegen Cyrus II definitiv
überlegen). Er wurde daher auf der höchsten Stufe (Level 15, 3 Min 45 Sec)
bespielt. Ein großer Sprung nach oben ist aber durch die Einstellung der
maximalen Geschwindigkeit eher nicht zu erwarten. Trotzdem erwarte ich einige
interessante Partien. Das Programm ist ähnlich dem von Cyrus II auf dem C-64
und der hat ja schon eine schöne Partie gezeigt. Der Super Expert B lief auf
Level 15 (40 Züge in 12 Stunden) was bei der eingestellten 6fachen
Geschwindigkeit äquivalent zu realen 40/120 ist. C50: Italienische Partie} 1.
e4 e5 2. Nf3 d6 3. Bc4 {Wenn man schon Philidor spielt, sollte man eine
Hauptfortsetzung wie 3. Lc4 kennen. Aber der CXG fängt bereits das Denken an...
} Nc6 4. c3 Be7 {Und ab hier ist es auch beim Expert B vorbei mit dem
Buchwissen.} 5. d4 Nf6 6. Nbd2 O-O 7. Bb5 {Vielleicht ist Chessbase ja
schlauer, aber den Zug kenne ich aus Philidor nicht...} (7. d5 Nb8 8. Qe2 Nbd7
9. Nf1 Re8 10. h3 Nf8 11. g4 Kh8 12. Ng3 Ng8 13. Be3 a6 14. Bb3 g6 15. O-O-O b5
16. Kb1 Nd7 17. h4 Nb6 18. Ng5 Kg7 19. Rdg1 Nf6 20. Nf5+ Bxf5 21. gxf5 Rh8 {
Webner,D (2042)-Kuryliw,R (1924) Maastricht 2013 1-0}) 7... exd4 $146 {
Insgesamt kann man sagen, dass die Stellung bisher durchaus gleichwertig zu
sein scheint.} (7... Bd7 8. Qe2 exd4 9. cxd4 a6 10. Bd3 d5 11. e5 Nh5 12. Nb3
Bb4+ 13. Kf1 g6 14. a3 Be7 15. Bh6 Ng7 16. h3 a5 17. Rc1 b6 18. Rc3 a4 19. Na1
Na5 20. Nc2 c5 21. Ne3 Be6 22. Ng4 {Poetsch,H (2401)-Zude,A (2431) Germany
2011 1-0 (39)}) 8. cxd4 {Schwarz hat eine gedrückte Stellung} Bd7 (8... d5 9.
e5 Ne4 10. Qe2 $11) 9. O-O a6 (9... Qe8 10. Bxc6 bxc6 11. b3 $11) 10. Bc4 (10.
Bd3 a5 $14) 10... b5 {Schwarz droht Materialgewinn: b5xc4} (10... Bg4 11. Qe1
$11) 11. Bb3 (11. Bd3 Nb4 12. Bb1 c5 $14) 11... a5 (11... Bg4 12. Nb1 $11) 12.
Bc2 {Warum so ängstlich? Hier hätte man schön mit 12. e5 aggressiv vorpreschen
können.} (12. e5 dxe5 13. dxe5 Ng4 $14) 12... Qc8 (12... Bg4 13. h3 Bh5 14. Qe1
$14) 13. h3 {Der Gegner darf nicht nach g4} Ra7 {Was will er denn da?} (13...
a4 14. Qe2 $11) 14. Qe2 {Jetzt hängt e5 in der Luft} (14. Re1 Re8 $14) 14...
Qb7 {Ein massiver, wenngleich etwas seltsam anmutender Aufbau am Damenflügel.}
15. e5 {Weiß droht Materialgewinn: e5xf6} Nh5 {der hätte im Zentrum auf d5
bessere Dienste getan.} (15... Nd5 $14) 16. Qd3 {16. exd6 Lxd6 17. Se5
erscheint mir attraktiver für Weiss.} (16. exd6 $142 $5 Bxd6 17. Ne4 $16) 16...
g6 $11 17. Ne4 $2 {Was wird das denn? Also irgendwie vermag mich der Novag
gerade nicht von seinen Qualitäten zu überzeugen...} (17. Qe3 $142 $5 $11 {
muss beachtet werden}) 17... Nb4 $15 {Schwarz droht Materialgewinn: Sb4xd3} 18.
Qe2 Qc6 $4 {Cyrus kann es auch nicht besser. 18. ...Sxc2 19. Dxc2 Lf5 und
Schwarz hat die Führung. wirft den Vorteil weg} (18... Nxc2 $142 $5 {ist zu
überlegen} 19. Qxc2 Bf5 $15) 19. Bb3 $2 {sinnloser Tempoverlust. Weiß hat eine
aktive Stellung} (19. Bb1 Qa8 $14) 19... a4 $14 {eben deshalb. Schwarz droht
Materialgewinn: a4xb3} 20. Bd1 dxe5 $2 (20... Re8 $142 $5 $11 {kommt in
Betracht}) 21. Nxe5 $16 Qe6 22. Re1 (22. Qd2 $142 f6 23. Bg4 $18) 22... Rb8 $4
{Chess 2001 - Odyssee am Schachbrett.... und es geht weiter bergab} (22... f6
23. Nxd7 Qxd7 24. Bh6 $16) 23. Nxd7 {23. Dd2 nebst 24. Lxh5 wäre überzeugender.
} (23. Qd2 $142 {und nichts geht mehr} Nd5 24. Nc5 Bxc5 25. dxc5 $18) 23...
Qxd7 $14 24. Nc5 (24. Nc3 $5 {ist eine Alternative} Bf8 25. Bg5 $14) 24... Bxc5
$11 25. dxc5 Nd3 {Der Super Expert tut wirklich alles um nicht gewinnen zu
müssen. Bei einem Menschen in der ersten Runde Schweizer System würde man das
ja noch als Turniertaktik durchgehen lassen um in der nächsten Runde einen
schwächeren Gegner zu bekommen, aber bei einem Compi?. Schwarz droht
Materialgewinn: Sd3xe1. Schwarz gabelt: c5+e1} 26. Rf1 Re8 (26... Ra6 $5 $11 {
ist zu prüfen}) 27. c6 $14 Qd8 28. Be3 {Weiß droht Materialgewinn: Le3xa7} Ra8
29. Qd2 a3 (29... Qd6 30. Be2 Ndf4 31. Bf3 Qxd2 32. Bxd2 Ne2+ 33. Kh2 $11) 30.
b3 (30. bxa3 $142 $5 Nf6 31. Bb3 $16) 30... Qd6 {Schwarz plant b4} 31. Bxh5
gxh5 32. Rad1 Rad8 33. Qc3 b4 {Schwarz droht Materialgewinn: b4xc3} 34. Qc4 Qe6
35. Qb5 {Weiß droht Materialgewinn: Db5xh5} Rd5 {Schwarz droht Materialgewinn:
Td5xb5} 36. Qb7 {Weiß droht Materialgewinn: Db7xc7} Qd6 37. Rd2 Qe5 38. Rfd1
Red8 39. Bh6 Qd6 (39... Nxf2 $142 $5 {lohnt die Prüfung} 40. Kxf2 Qf6+ 41. Kg1
Qxh6 42. Rxd5 Qe3+ 43. Kh1 Rxd5 44. Rxd5 Qc1+ 45. Kh2 Qf4+ 46. Kg1 Qe3+ 47. Kf1
Qf4+ 48. Ke2 Qe4+ 49. Kf2 Qf4+ 50. Ke1 Qe3+ 51. Kd1 Qg1+ 52. Kd2 Qxg2+ 53. Ke3
Qxd5 54. Qxc7 Kf8 $11) 40. Bg5 $1 $16 {Hinlenkung: g5} f6 (40... Rxg5 41. Rxd3
{Hinlenkung}) 41. Bh6 {Die erste Zeitkontrolle ist rum, Weiss steht verdient
oder nicht besser. Aber von einer Entscheidung ist diese Partie noch weit
entfernt. Jedenfalls, wenn der Novag so weiterspielt...} (41. Bh4 $142 Qe7 42.
Bg3 Nxf2 43. Rxd5 Rxd5 44. Rf1 Nxh3+ 45. Kh2 $18) 41... Kh8 $4 (41... Kf7 $142
$14 {war der letzte Versuch}) 42. Qa6 $18 Kg8 (42... f5 {hätte noch versucht
werden können} 43. Bg5 Re8 $18) 43. Qc4 {OK, vielleicht ist der Sieg doch
näher als ich geahnt habe. Aber wer kann schon wissen, dass der 2001er nun nur
noch mit dem König pendelt...} Kh8 44. g3 h4 {Ich gebe es gerne zu... vor
lauter Schwergeschützen in der d-Linie wird man ganz wuschig im Kopf. Aber
diesmal scheint der Super Expert die Übersicht zu behalten.} 45. g4 Rd4 $4 {
Autsch. 45. ...f5 hätte die Partie noch über einige Züge retten können. Nun
aber ist es schnell vorbei.} (45... f5 46. Bg5 Rd4 47. Rxd3 Rxc4 48. Rxd6 Rxd6
49. Rxd6 Rc5 50. Rd8+ Kg7 51. gxf5 Rxc6 52. f6+ Kf7 53. Rd7+ Kg8 54. Rg7+ Kh8
55. Bxh4 Rc5 $18) 46. Qf7 {Nun dürfte es in wenigen Zügen matt werden.} Rg8 (
46... Rxg4+ {wäre gleichermaßen fruchtlos} 47. hxg4 Rg8 48. Rxd3 Rxg4+ 49. Kf1
h3 50. Rxd6 Rg1+ 51. Kxg1 h2+ 52. Kxh2 cxd6 53. Qf8#) 47. Rxd3 $1 {Mattangriff}
Rgxg4+ (47... Rxd3 48. Rxd3 {Mattangriff}) 48. hxg4 {Und der Novag sagt ein
Matt in 5 Zügen an. Tja, wie soll man die Partie beschreiben. Der CXG 2001
belegte einen ehrenvollen 2. Platz, während der zum Sieg genötigte Super
Expert leider vorletzter wurde. Oder so ähnlich.. . . . . .} (48. hxg4 Rxg4+
49. Kf1 h3 50. Rxd6 Rg1+ 51. Kxg1 h2+ 52. Kxh2 cxd6 53. Qf8#) 1-0

[Event "CB-Emu swiss"]
[Site "?"]
[Date "2017.03.21"]
[Round "1"]
[White "Nigel Short, Mephisto"]
[Black "Sensory Chess Challenger 9, Fidelity"]
[Result "1/2-1/2"]
[WhiteElo "2060"]
[BlackElo "1710"]
[Annotator "Houdini 4 Pro w32 4core (60s)"]
[PlyCount "120"]
[EventDate "2017.??.??"]

{Der Nigel Short hat eine entsprechende Zeitstufe wodurch man ihn ohne
Probleme in der MESS-Emu auf 700 % einstellen kann (ca. 35 MHz). Der Sensory 9
kann von dieser Taktrate nur beim pondern wirklich profitieren. Da die
höchstmögliche Spielstärkeeinstellung 6 Min beträgt antwortet er halt auf 36
MHz beschleunigt einfach schneller... B18: Caro-Kann (Hauptvariante)} 1. e4 c6
2. d4 d5 3. Nc3 dxe4 4. Nxe4 Bf5 5. Ng3 Bg6 6. N1e2 e6 {erster berechneter Zug
von Schwarz} 7. Nf4 Bb4+ {und damit wird auch der Nigel Short aus dem Buch
geworfen. Normal ist z.B. Ld6} 8. c3 Bd6 9. Bc4 Ne7 $146 (9... Bxf4 10. Bxf4
Nf6 11. Qb3 Qe7 12. O-O Nd5 13. Bd2 O-O 14. Rfe1 Qc7 15. Bf1 Nd7 16. c4 N5f6
17. Qf3 c5 18. dxc5 Nxc5 19. b4 Ncd7 20. Bc3 Rac8 21. Rad1 Rfd8 22. Bb2 a5 23.
a3 axb4 24. axb4 {Azarov,S (2579)-Sulashvili,M (2431) Istanbul 2006 1-0 (53)})
(9... Nf6 10. O-O $11) 10. O-O (10. Nxg6 Nxg6 11. Ne4 O-O $16) 10... Nd7 (10...
Nd5 11. Nxg6 hxg6 12. h3 $14) 11. Nxg6 (11. Bxe6 Bxf4 12. Bxd7+ Qxd7 13. Bxf4
O-O $14) 11... Nxg6 (11... hxg6 12. h3 $11) 12. Re1 (12. f4 $5 $16) 12... O-O
13. Ne4 Be7 {Trotz der emulationsbedingten Nachteile leistet sich der Sensory
9 bisher keine Schwächen. Aber auch der Nigel Short quillt vor Aktivität nicht
gerade über. Die Stellung gibt aber derzeit auch wenig her} (13... Bf4 14. Qc2
$14) 14. Be3 (14. Qe2 Nf6 $14) 14... e5 $6 {Man soll es nicht beschreien...
wenn das mal nicht zu mutig ist...} (14... Nb6 15. Bb3 $14) 15. Qh5 {Mir
schwebte Dh5 schon im letzten Zug im Kopf rum. Jetzt ist es aber noch stärker}
(15. d5 cxd5 16. Bxd5 Qc7 $16) 15... exd4 (15... Qc7 16. Rad1 $16) 16. Bxd4 $16
Nb6 (16... Qc7 $5 $16) 17. Bb3 Nd5 18. Rad1 Ndf4 19. Qg4 {Weiss ist optimal
aufgestellt, während Schwarz sich derzeit auf Störmanöver beschränken muss} Qc8
20. Qxc8 Rfxc8 (20... Raxc8 $2 21. Bxa7 Rfd8 22. Bc5 Bxc5 23. Nxc5 $18) 21. Ng3
(21. g3 $5 Ne6 22. Be3 $16) 21... Rd8 22. Nf5 Bf8 23. g3 {Verwehrt dem Gegner
h4} c5 {Ich habe meine leichten Zweifel dass der Sensory 9 das genau berechnet
hat...} 24. Bxg7 Bxg7 25. gxf4 Nxf4 $6 {Hätte er jetzt Lf8 gespielt wäre alles
in Ordnung gewesen. Jetzt wird der weisse Springer sehr aktiv....} (25... Rxd1
26. Rxd1 b5 27. Kg2 $14) 26. Nd6 $16 Rd7 27. Ba4 Rc7 28. Ne8 Rcc8 29. Nxg7 Kxg7
30. Re7 {Die Pointe der ganzen Springeraktion.} Rd8 31. Rxd8 Rxd8 32. Rxb7 {
Der Nigel Short ist dort wo er schön tief rechnen kann, im Endspiel.} Rd2 {
Eins muss man dem Sensory 9 lassen. Er bleibt absolut cool... Leicht wird das
für den Mephisto nicht.} 33. Bb3 Ne2+ 34. Kg2 Rxb2 35. Rxf7+ Kg6 36. Rxa7 Nxc3
{Langsam frage ich mich, welchen Bauern der Mephisto durchbringen kann um das
Spiel zu gewinnen. Die Auswahl wird langsam dünn...} 37. Bg8 {Weiß droht
Materialgewinn: Lg8xh7} Nd1 {Schwarz droht Materialgewinn: Sd1xf2} 38. Bxh7+
Kh6 $2 {Kf6 war vielleicht besser, aber diese Analyse lass ich lieber Onkel
Fritz machen.} (38... Kf6 39. h4 $14) 39. Bg8 (39. Kg3 $142 $5 Nc3 40. a4 $18)
39... Nxf2 (39... Rxf2+ 40. Kg3 $14) 40. Kf3 $16 Rb8 41. Bb3 (41. Bh7 $142 Rf8+
42. Kg3 Nh1+ 43. Kg2 $16) 41... Rf8+ $4 (41... Nd3 42. Bd5 Rb4 43. Be4 Ne5+ 44.
Kf4 Ng6+ 45. Ke3 $16) 42. Kg3 $2 {42. Tf7 Txf7 43. Lxf7 war eventuell besser.
Aber das Endspiel hat eindeutige Remistendenz} (42. Rf7 $142 {ist der
schnellste Weg} Rxf7+ 43. Bxf7 $18) 42... Ne4+ $14 43. Kg4 Nf2+ 44. Kh4 Rf3 {
Schwarz droht Matt} 45. Ra6+ Kg7 46. Kg5 Ne4+ 47. Kg4 {Weiß droht
Materialgewinn: Kg4xf3} Rf2 48. h3 Nf6+ 49. Kh4 Kf8 (49... Ne4 $142 $5 $11 {
ist interessant}) 50. Re6 $16 Nd7 51. Kg5 Rg2+ 52. Kh5 Rf2 53. h4 {Ganz
langsam hangelt sich ein Bauer nach vorne.} Rf5+ $2 (53... Rf3 $5 $16) 54. Kg4
(54. Kg6 $142 Rf4 55. h5 c4 $18) 54... Rf2 $2 (54... Rf1 $142 $18) 55. h5 Rd2
56. h6 {Ich hatte mit Kg5 gerechnet. Der Textzug ist riskant} (56. Kg5 $142 $18
{entschiede die Partie sofort}) 56... c4 $16 {Schwarz muss notgedrungen seinen
letzten verbliebenen Bauern opfern} 57. Bxc4 (57. Ba4 $142 $5 Kg8 58. Bc6 $16)
57... Rd4+ $11 {Schwarz gabelt: c4} 58. Kg3 {Der ursprüngliche Plan war wohl
58. Kg5 Txc4 59. h7 Kg7 60. Te7+ Kh8 61. Txd7. Warum er davon jetzt allerdings
abgewichen ist, erschließ sich mir nicht.} Rxc4 59. Re8+ {Die Idee wäre gut,
wenn...} Kxe8 60. h7 Rc3+ {...Schwarz jetzt nicht Dauerschach hätte. Sobald
der König sich auf den Turm zu bewegt, kommt dieser auf die h-Linie. und Weiss
verliert wegen der Materüberlegenheit des Schwarzen sogar noch. Schwarz kann
jedoch auch keine Gewinnversuche starten weil er immer Schach geben muss um
die Umwandlung des h-Bauern zu verhindern. Ein unerwartetes, aber bezüglich
der Gesamtspielleistung der beiden Kontrahenten durchaus verdientes Ende der
Partie} 1/2-1/2

[Event "CB-Emu swiss"]
[Site "?"]
[Date "2017.03.22"]
[Round "1"]
[White "Sensory Chess Challenger 9B, Fidelity"]
[Black "Super Expert C, Novag"]
[Result "1/2-1/2"]
[WhiteElo "1800"]
[BlackElo "2140"]
[Annotator "Houdini 4 Pro w32 4core (60s)"]
[PlyCount "114"]
[EventDate "2017.??.??"]

{Der Sensory 9B läuft mit 24 MHz (300 % Einstellung in Mess bei 8 MHz der
getunten Version), ebenso wie der Super Expert C (9 MHz und 300 % Einstellung).
Leider kann der Sensory 9B diese nicht voll ausnutzen (außer beim Pondern) da
er keine Zeitstufen hat so dass man eine Spielstufe einstellen könnte, die
der höheren Geschwindigkeit entspricht. Daher benutzt er beim Pondern die 27
MHz, in der normalen Berechnung nutzt er aber nur etwa die doppelte
Normalgeschwindigkeit (ca. 16 MHz)  A03: Bird-Eröffnung} 1. f4 d5 2. Nf3 g6 3.
g3 Bg7 4. Bg2 c6 5. d3 Nh6 6. e4 {Hier endet die Eröffnungsbibliothek beider
Gegner} dxe4 7. dxe4 Qxd1+ 8. Kxd1 {Früher Damentausch. Das bedeutet bezüglich
der Länge der Partie bestimmt nichts gutes.... Weiß verliert das Rochaderecht}
O-O $146 (8... Na6 9. Ke2 Be6 10. Na3 O-O-O 11. Re1 Nc5 12. Kf1 f6 13. Be3 b6
14. Bd4 Rhe8 15. Rad1 Kc7 16. b3 Bc8 17. Bxc5 bxc5 18. Kg1 Nf7 19. Nb1 Rxd1 20.
Rxd1 e5 21. fxe5 Nxe5 {1/2-1/2 (21) Huebner,R (2600)-Taimanov,M (2595)
Leningrad 1973}) 9. e5 {Aufgrund des verlorenen Rochaderechts würde ich hier
der schwarzen Stellung den Vorzug geben.} (9. h3 Nd7 $11) 9... Rd8+ 10. Bd2 Bg4
11. h3 {Besser war es, den König mit Ke1 aus der Schusslinie zu bringen.} Bxf3+
12. Bxf3 {Weiß hat das Läuferpaar} Nd7 {Sf5 hätte den Weissen vermutlich mehr
in Bedrängnis gebracht.} (12... Nf5 13. g4 Nd4 14. Be2 $15) 13. g4 $11 {
Die schwarze Figur kann nicht ziehen: h6} Nb6 14. Na3 {Irgendwie wirkt die
weisse Aufstellung doch sehr unharmonisch.} Rd4 $2 {Anscheinend haben beide
ein Problem mit dieser Stellung. Weit effektiver ist f6} (14... f6 15. exf6
exf6 16. Ke2 $11) 15. c3 $14 Rd3 16. Ke2 (16. Be2 Rd7 17. Kc2 Rad8 $16) 16...
Rad8 (16... Rdd8 17. Rad1 $14) 17. Be3 (17. Rad1 $16) 17... R3d7 (17... f6 $5
18. exf6 exf6 $14 (18... Bxf6 $2 19. Be4 Rxe3+ 20. Kxe3 $16)) 18. Rad1 $16 {
Das Bild hat sich gewandelt. Der weisse König ist aus der Fesselung, die
Läufer haben gute Diagonalen, während Schwarz einen abgeschnittenen Springer
und Läufer am Königsflügel hat. Nicht gerade eine Glanzleistung des so hoch
gelobten Super Expert C} e6 {und damit sich ja nichts mehr bewegt wird die
Bauernstellung fixiert. Wieder war 18. ...f6 oder 18. ...f5 die bessere Wahl.
Man kann auch noch den TUrmtausch dazwischenschalten, wie Houdini unten zeigt.}
(18... Rxd1 $5 19. Rxd1 Rxd1 20. Kxd1 f5 21. Bxb6 axb6 $16) 19. Rxd7 Rxd7 20.
Rd1 Rxd1 21. Kxd1 Bf8 22. b4 Kg7 (22... f5 23. exf6 Nf7 24. g5 $16) 23. Bxb6
$18 axb6 24. Nc4 b5 {Nach der Abtauschaktion sind wir nun in einem Endspiel
gelandet in dem der Sensory 9B alleChancen hat, für eine kleine Sensation zu
sorgen} 25. Na5 c5 26. a3 (26. bxc5 $5 Bxc5 27. Nxb7 Be3 $18) 26... b6 $16 27.
Nc6 Ng8 28. Na7 g5 {Endlich versucht der Super Expert die Bauernformation
aufzubrechen. Leider viel zu spät} (28... f6 29. Nxb5 fxe5 30. fxe5 $16) 29.
fxg5 $18 Ne7 $2 (29... cxb4 30. axb4 Ne7 31. Be4 $18 (31. Nxb5 $6 Ng6 $14)) 30.
Kd2 {Der Bauer auf b5 läuft nicht weg.} (30. bxc5 $142 {und nichts geht mehr}
bxc5 31. Nxb5 $18) 30... Ng6 $16 31. Nc6 {Jetzt verbietet sich Sxb5 wegen Sxe5
mit Ausgleich} ({Schlechter scheint} 31. Nxb5 Nxe5 32. Ke3 Be7 $14) 31... h6 {
7 Was hat der Super Expert nur für eine seltsame Bewertungsfunktion. Tiefe 10
und dann dieser Zug? Sf4 war viel besser. Zum Vergleich: Sein Gegner hinkt bei
solchen Stellungen mal gerade durch Suchtiefe 7} (31... Ne7 $142 $5 $16) 32.
gxh6+ $18 Kxh6 33. Be4 Bg7 {9 Ich hatte eigentlich erwartet dass der Super
Expert aufgrund höherer Rechentiefe im Endspiel wieder ausgleichen würde...
Pustekuchen. Die Stellung wird immer besser... für den Sensory} (33... cxb4 34.
axb4 Bg7 35. Bxg6 Kxg6 $18) 34. Bxg6 Kxg6 (34... f6 {wäre gleichermaßen
fruchtlos} 35. Bd3 c4 36. exf6 Bxf6 $18) 35. h4 {Ein logischer Zug, der dem
Schwarzen König das Eindringen erschweren soll. Gewinnträchtig seht allerdings
35. bxc5 bxc5 36. c4 bxc4 37. a4 aus. Aber das war wohl für den Sensory 9 zu
tief.} (35. bxc5 $142 {und Weiß gewinnt} Bh6+ 36. Kc2 bxc5 37. c4 $18) 35...
Bh6+ 36. Kd1 Bf4 $2 {Ein grober Fehler} (36... cxb4 $142 37. axb4 Be3 $18) 37.
bxc5 {und diesmal hat der Sensory 9 den Zug gepondert und sieht den Durchbruch}
bxc5 38. Ke2 $2 {...dachte ich jedenfalls. War wohl nix. 38. c4 bxc4 39. a4 c3
40. a5 und der Bauer ist nur unter Figurenopfer zu stoppen, z.B 40. ...c4 41.
a6 Le3 42. a7 Lxa7 43. Sxa7} (38. c4 $142 {und Schwarz kann direkt aufgeben}
bxc4 39. a4 $18) 38... c4 39. Nd4 Bxe5 40. Nxb5 f5 41. Kf3 {Kann man so
spielen. Besser erscheint mir allerding gxf5 nebst a4. Verlieren kann der
Sensory 9 das allerdings nicht mehr.} Bf6 42. g5 $6 {Man kann sich das Leben
auch schwer machen...} Bd8 43. Nd4 (43. Nd6 $142 $18 {ließe Schwarz keine
Chance}) 43... Be7 44. Nxe6 Bxa3 45. Nf4+ Kh7 {Naja, vielleicht versteht der
Sensory 9 von verbundenen Freibauern ja mehr als von normalen Freibauern...} (
45... Kg7 $18 {ändert nichts mehr}) 46. Nd5 $2 {Leider Nein... 46. h5 Lc1 47.
g6 war deutlich gewinnträchtiger} (46. h5 $142 $18 {ist der schnellste Weg})
46... Kg6 $14 47. Kg3 {Haben wir uns verlaufen?} Bd6+ 48. Kh3 Ba3 49. Nf4+ {
Der Springer ist gut postiert} Kf7 $4 {führt zu weiterem Ungemach} (49... Kg7
$142 $16) 50. h5 $18 {Na also... geht doch.} Bc1 51. g6+ Kg7 52. Ne2 $2 {
Das könnte dem Weissen eventuell den Sieg kosten. 52. Kg3 Kh6 53. Sd5. Nun
erhält der schwarze Läufer eine Traumposition von der aus er es dem
Anziehenden maximal erschwert vorwärts zu kommen.. Weiß droht Materialgewinn:
Se2xc1} (52. Kg3 $142 $18 {und Weiß ist direkt am Ziel}) 52... Bh6 $2 (52...
Bd2 53. Kh4 $11) 53. Kg2 (53. Nd4 Kf6 54. Kg3 Bf8 $16) 53... Kf6 $2 (53... Bd2
$142 $11 {und Schwarz spielt mit}) 54. Kf3 $16 Kg5 $1 {Das hätte nicht
passieren dürfen. Wenn Schwarz jetzt keine Fehler mehr macht, dann könnte das
glatt noch Remis werden.} 55. Nf4 Kf6 56. Nh3 (56. Kg3 $142 $5 $16) (56. Kg3
$142 $16) 56... Kg7 $11 57. Kg3 $2 {Wenn Schwarz jetzt Ld2 spielt ist es Remis}
Bd2 {OK, ich denke ich muss mir jetzt nicht noch ansehen, wie die beiden jetzt
jeweils ihre Figurwn gegen Bauern opfern bis nur noch die Könige dastehen. Ein
unverdienter halber Punkt für den Super Expert.} 1/2-1/2